01007nam a2200277 a 4500001000700000003000900007005001700016007000700033008003000040040002200070082002600092100004300118245014300161246002200304250000600326260005000332300002400382490002900406500007500435563006200510650002300572650003800595700003200633710003300665740003100698 00331DO-SdBNP20240719114418.0 00331081127s1970 sp a 000 0 spa d aBPMSUbspacBPMSU 4a863.3bV436l 19702221 aVélez de Guevara, Luis, d1579-164410aEl Lazarillo de Tormes ; El diablo cojuelo / c Luis Velez de Guevara ;edicion y notas de Inmaculada Ferrer ; prólogo de Francisco Rico 13aEl diablo cojuelo a  aNavarra, España :bSalvat Editores, c1970 a83,178 p. ;c19 cm.0 aBiblioteca básica,v65 aIncluye referencias bibliográficas y notas al pie de las páginas  aDos obras encuadernadas juntas con paginación continua  4aNovela española  4aLiteratura picaresca española. 1 aFrancisco Rico eprólogo 2 aBiblioteca Básica (Salvat) aEl diablo cojuelo.